The spark that ignites : (Record no. 9989)

MARC details
000 -LEADER
fixed length control field 00786cam a2200253 a 4500
001 - CONTROL NUMBER
control field 4824339
003 - CONTROL NUMBER IDENTIFIER
control field GBCCL
005 - DATE AND TIME OF LATEST TRANSACTION
control field 20241126110723.0
008 - FIXED-LENGTH DATA ELEMENTS--GENERAL INFORMATION
fixed length control field 891004s1989 mnu b 000 0 eng
010 ## -
-- 89154012
020 ## - INTERNATIONAL STANDARD BOOK NUMBER
International Standard Book Number 0890661243
040 ## - CATALOGING SOURCE
Original cataloging agency DLC
Transcribing agency DLC
Modifying agency DLC
050 00 -
-- BV600.2
-- .C58 1989
082 00 - DEWEY DECIMAL CLASSIFICATION NUMBER
Classification number 269
Edition information 20
Item number COL
100 1# - MAIN ENTRY--PERSONAL NAME
Personal name Coleman, Robert E.,
Dates associated with a name 1928-
9 (RLIN) 5423
245 14 - TITLE STATEMENT
Title The spark that ignites :
Remainder of title God's promise to revive the church through you /
Statement of responsibility, etc. Robert E. Coleman.
260 ## - PUBLICATION, DISTRIBUTION, ETC.
Place of publication, distribution, etc. Minneapolis, MN :
Name of publisher, distributor, etc. World Wide Publications,
Date of publication, distribution, etc. c1989.
300 ## - PHYSICAL DESCRIPTION
Extent 162 p. ;
Dimensions 24 cm.
504 ## - BIBLIOGRAPHY, ETC. NOTE
Bibliography, etc. note Includes bibliographical references.
650 #0 - SUBJECT ADDED ENTRY--TOPICAL TERM
Topical term or geographic name entry element Church renewal.
9 (RLIN) 963
650 #0 - SUBJECT ADDED ENTRY--TOPICAL TERM
Topical term or geographic name entry element Revivals.
9 (RLIN) 344
906 ## - LOCAL DATA ELEMENT F, LDF (RLIN)
a 7
b cbc
c orignew
d 2
e ncip
f 19
g y-gencatlg
942 ## - ADDED ENTRY ELEMENTS (KOHA)
Source of classification or shelving scheme Dewey Decimal Classification
Koha item type Books
Holdings
Withdrawn status Lost status Source of classification or shelving scheme Damaged status Not for loan Home library Current Library Shelving location Date acquired Total checkouts Full call number Barcode Date last seen Copy number Price effective from Koha item type
    Dewey Decimal Classification     GRACE BIBLE COLLEGE GRACE BIBLE COLLEGE Ministry & Mission 2023-12-01   269 COL 020662 2025-05-01 c.1 2023-12-01 Books
© Grace Bible College Library 2025